| 000 | 00450nam a2200205Ia 4500 | ||
|---|---|---|---|
| 001 | 11980 | ||
| 003 | GE_BSU | ||
| 008 | 181216s||||||||xx |||||||||||||| ||und|| | ||
| 020 | _a9780345389763 | ||
| 040 | _cGE_BSU | ||
| 080 | _a821.111-32 | ||
| 100 | _aCarre,John le | ||
| 245 | 4 | _aThe night manager | |
| 260 | _aNew York | ||
| 260 | _bBallantine books. | ||
| 260 | _c1993. | ||
| 300 | _a474p;18cm. | ||
| 653 | _aThe night manager | ||
| 942 | _cBK | ||
| 999 |
_c45157 _d45157 |
||